Loading...
| Fine Arts - Classical Music | 0 | 10 | 1 | 0 | 95 | 50 | 91.40 | 2 | 8 | 0.00 | 0.00 |
| History - American | 0 | 3 | 0 | 1 | 30 | 74 | 105.00 | 1 | 1 | 0.00 | 0.00 |
| History - European | 0 | 3 | 0 | 1 | 30 | 90 | 112.67 | 1 | 2 | 0.00 | 0.00 |
| Geography | 0 | 2 | 0 | 0 | 20 | 120 | 125.00 | 0 | 1 | 0.00 | 0.00 |
| History - Other | 0 | 2 | 0 | 0 | 20 | 86 | 99.00 | 0 | 1 | 0.00 | 0.00 |
| Fine Arts - Other | 0 | 3 | 2 | 2 | 20 | 105 | 120.67 | 0 | 1 | 0.00 | 0.00 |
| Fine Arts - Painting and Sculpture | 0 | 2 | 0 | 0 | 20 | 81 | 92.50 | 0 | 1 | 0.00 | 0.00 |
| Pop Culture | 0 | 2 | 0 | 0 | 20 | 77 | 83.00 | 1 | 2 | 0.00 | 0.00 |
| Religion | 0 | 2 | 0 | 0 | 20 | 83 | 85.00 | 2 | 2 | 0.00 | 0.00 |
| Science - Other | 0 | 1 | 0 | 0 | 10 | 115 | 115.00 | 0 | 0 | 0.00 | 0.00 |
| History - World | 0 | 1 | 0 | 0 | 10 | 139 | 139.00 | 0 | 1 | 0.00 | 0.00 |
| Philosophy | 0 | 1 | 0 | 0 | 10 | 121 | 121.00 | 0 | 0 | 0.00 | 0.00 |